Tocando el viento
El largometraje es una tragicomedia sobre la problemática social de un pueblo minero del norte de Inglaterra durante el gobierno de Margaret Thatcher; narra cómo los trabajadores de una mina de carbón se enfrentan al posible cierre de la misma, lo que supondría la pérdida de sus puestos de trabajo y...
Guardado en:
| Autor Principal: | |
|---|---|
| Autor Corporativo: | |
| Otros Autores: | , , , , , |
| Formato: | |
| Idioma: | Undetermined |
| Publicado: |
Reino Unido :
Netflix,
1996.
|
| Materias: | |
| Etiquetas: |
Agregar Etiqueta
Sin Etiquetas, Sea el primero en etiquetar este registro!
|
| LEADER | 01406ngm a22002775a 4500 | ||
|---|---|---|---|
| 001 | CEM.cems020508 | ||
| 008 | 230928s1996####xx#---############vlund#d | ||
| 005 | 20230928204647.0 | ||
| 245 | 1 | 0 | |a Tocando el viento |h [videograbación] / |c Mark Herman. |
| 260 | |a Reino Unido : |b Netflix, |c 1996. | ||
| 300 | |a 103'. | ||
| 520 | |a El largometraje es una tragicomedia sobre la problemática social de un pueblo minero del norte de Inglaterra durante el gobierno de Margaret Thatcher; narra cómo los trabajadores de una mina de carbón se enfrentan al posible cierre de la misma, lo que supondría la pérdida de sus puestos de trabajo y la desaparición de la banda de música de los mineros, institución local con más de un siglo de historia. | ||
| 590 | |a Identificación anterior: 197 | ||
| 538 | |a Soporte: DVD -- Formato: AVI Peso: 934mb -- Resolución: 480 x 320 -- 25 fps | ||
| 500 | |a Título original: Brassed Off Idioma: Inglés Subtítulos: Español. | ||
| 100 | 1 | |a Herman, Mark. | |
| 700 | 1 | |a Jones, Trevor; Música. | |
| 700 | 1 | |a McGregor, Ewan; Reparto. | |
| 700 | 1 | |a Fitzgerald, Tara; Reparto. | |
| 700 | 1 | |a Postlethwaite, Pete; Reparto. | |
| 700 | 1 | |a Carter, Jim; Reparto. | |
| 700 | 1 | |a Tompkinson, Stephen; Reparto. | |
| 710 | 2 | |a Channel Four Films. | |
| 653 | |a LARGOMETRAJE | ||
| 653 | |a FICCIÓN | ||
| 859 | |a CEMS |b BIB. CEMS - Depto. Recursos Didacticos |h 778.5 |i HER-1 |k DRD |p 3142.23 |t Ej.1 | ||
